000 00519nam a2200193 a 4500
001 1766566528107
003 YourLibrary
005 20251226115021.0
008 251224s2000##################000#0#eng##
020 _a9780792362470
082 0 4 _a282.092
_bPOP
100 1 _aPopkin, Jeremy D.,
_eauthor.
245 1 0 _aThe Abbé Grégoire and his World :
260 _bSpringer Science & Business Media,
_c2000.
300 _a228 pages
650 0 _aArt.
942 _cENGLISH
040 _aYourLibrary
_beng
_cYourLibrary
999 _c604714
_d604714